[Event "Olympiad-40"]
[Site "Istanbul"]
[Date "2012.09.09"]
[Round "11.2"]
[White "Kamsky, Gata"]
[Black "Bartel, Mateusz"]
[Result "1-0"]
[WhiteElo "2746"]
[BlackElo "2654"]
[PlyCount "109"]
[EventDate "2012.08.28"]
[EventType "team-swiss"]
[EventRounds "11"]
[EventCountry "TUR"]
[SourceTitle "CBM 151"]
[Source "ChessBase"]
[SourceDate "2012.11.13"]
[SourceVersion "1"]
[SourceVersionDate "2012.11.13"]
[SourceQuality "1"]
[WhiteTeam "US of America"]
[BlackTeam "Poland"]
[WhiteTeamCountry "USA"]
[BlackTeamCountry "POL"]

1. e4 e6 2. d3 c5 3. g3 Nc6 4. Bg2 g6 5. Nf3 Bg7 6. O-O Nge7 7. c3 O-O 8. Be3 b6 9. d4 cxd4 10. Nxd4 Ba6 11. Re1 Ne5 12. Na3 d5 13. Bg5 dxe4 14. Bxe4 Qd7 15. f4 $146 ({RR} 15. Nc6 N7xc6 16. Qxd7 Nxd7 17. Bxc6 Ne5 18. Bxa8 Rxa8 19. Rxe5 Bxe5 20. Rd1 Kg7 21. f4 Bc7 22. Be7 Re8 23. Bd6 Bxd6 24. Rxd6 e5 25. fxe5 Rxe5 26. Rd2 h5 27. Kf2 Re4 28. Nc2 h4 29. Ne3 hxg3+ {Eschenko,V (2369)-Vysochin,S (2467) Kiev 1999 ½-½ (63)}) 15... Nd3 16. Bxd3 Bxd4+ 17. Kf1 Bc5 18. Bxa6 Qc6 19. Nc2 Qh1+ 20. Ke2 Qxh2+ 21. Kd3 Rad8+ 22. Nd4 f6 23. Bh4 Bxd4 24. Qe2 Bc5+ 25. Kc2 Qxe2+ 26. Rxe2 Kf7 27. Rae1 Nf5 28. Bc4 Nxh4 29. gxh4 f5 30. Rxe6 Kg7 31. h5 a5 32. a3 gxh5 33. Rh1 Rd6 34. Re7+ Kg6 35. Re2 b5 36. Bxb5 h6 37. Be8+ Kg7 38. Rxh5 Rdf6 39. b4 axb4 40. axb4 Bd6 41. Rh4 Kh7 42. Kb3 Rg8 43. Bd7 Rg3 44. Rd2 Kg6 45. Rd5 Be7 46. Rh1 Rf3 47. Re1 Bd6 48. Bxf5+ Kf7 49. Bg4 R3xf4 50. Bh5+ Kg7 51. c4 R4f5 52. Red1 Be7 53. c5 Kf8 54. Rxf5 Rxf5 55. c6 1-0

[Event "Ankara FIDE GP (Women)"]
[Site "Ankara"]
[Date "2012.09.22"]
[Round "6"]
[White "Ju, Wenjun"]
[Black "Stefanova, Antoaneta"]
[Result "1-0"]
[WhiteElo "2528"]
[BlackElo "2502"]
[PlyCount "65"]
[EventDate "2012.09.16"]
[EventType "tourn"]
[EventRounds "11"]
[EventCountry "TUR"]
[EventCategory "10"]
[SourceTitle "CBM 151"]
[Source "ChessBase"]
[SourceDate "2012.11.13"]
[SourceVersion "1"]
[SourceVersionDate "2012.11.13"]
[SourceQuality "1"]

1. Nf3 d5 2. g3 c6 3. Bg2 Bg4 4. O-O Nd7 5. d3 e6 6. h3 Bh5 7. Nbd2 Bd6 8. e4 Ne7 9. d4 O-O 10. c4 ({RR} 10. Re1 b5 11. a4 b4 12. c4 bxc3 13. bxc3 Rb8 14. e5 Bc7 15. Ba3 c5 16. Nb3 c4 17. Nc5 Nxc5 18. Bxc5 Ba5 19. Qc1 Qd7 20. Nh4 Rfe8 21. f4 Rb3 22. Re3 Bg6 23. Nxg6 hxg6 24. g4 Reb8 {Mamedyarov,S (2770)-Carlsen,M (2847) chess24.com INT 2021 0-1 (53)}) ({RR} 10. e5 Bc7 11. b4 a5 12. c3 b6 13. Bb2 axb4 14. cxb4 c5 15. bxc5 bxc5 16. g4 Bg6 17. Re1 c4 18. Bc3 Ba5 19. Qc1 Nc6 20. a4 Bxc3 21. Qxc3 Qa5 22. Qa3 Nb4 23. Rec1 Nc2 24. Qd6 Nxa1 {Bashirli,S (1986)-Molina,R (2381) chess.com INT 2024 0-1}) 10... Bb4 $146 ({RR} 10... Bc7 11. a3 Bb6 12. c5 Bc7 13. e5 f6 14. exf6 Rxf6 15. Re1 Qf8 16. g4 Bg6 17. Qe2 h6 18. h4 e5 19. Nxe5 Nxe5 20. dxe5 Re6 21. Nf3 h5 22. Bg5 hxg4 23. Nd4 Rxe5 24. Qxg4 Bf5 {½-½ (24) Hodgson,J (2580)-Shabalov,A (2540) Dublin 1992}) ({RR} 10... c5 11. cxd5 exd5 12. exd5 Nxd5 13. Ne4 Be7 14. Qb3 N5b6 15. dxc5 Nxc5 16. Nxc5 Bxc5 17. Rd1 Qf6 18. Bg5 Qe6 19. g4 Bg6 20. Rac1 Rac8 21. Qxe6 fxe6 22. Nd4 Bxd4 23. Rxd4 h6 24. Rxc8 Rxc8 25. Be3 {Maghsoodloo,P (2673)-Raja,R (2423) Sharjah 2019 1-0 (55)}) 11. Qb3 Qa5 12. a3 Bxd2 13. Bxd2 Qa6 14. cxd5 cxd5 15. Bb4 Rfe8 16. Bxe7 dxe4 17. Nd2 Rxe7 18. Qb4 Ree8 19. Nxe4 Rab8 20. Rfc1 b6 21. Rc7 Nf6 22. Nxf6+ gxf6 23. Bc6 Red8 24. Qe7 Qe2 25. b4 Qb2 26. Re1 Qxa3 27. Rxa7 Qc3 28. Rxe6 Qxd4 29. Rxf6 Qc4 30. Kh2 b5 31. Bd7 Qf1 32. Bxb5 Qxb5 33. Rxf7 1-0

[Event "St Petersburg Cup rapid"]
[Site "St Petersburg"]
[Date "2012.10.07"]
[Round "9"]
[White "Inarkiev, Ernesto"]
[Black "Khairullin, Ildar"]
[Result "1-0"]
[WhiteElo "2683"]
[BlackElo "2639"]
[PlyCount "109"]
[EventDate "2012.10.05"]
[EventType "tourn (rapid)"]
[EventRounds "11"]
[EventCountry "RUS"]
[EventCategory "18"]
[SourceTitle "CBM 150 Extra"]
[Source "ChessBase"]
[SourceDate "2012.10.19"]
[SourceVersion "1"]
[SourceVersionDate "2012.10.19"]
[SourceQuality "1"]

1. Nf3 d5 2. g3 c6 3. Bg2 Bg4 4. d3 Nd7 5. Nbd2 e5 6. h3 Bh5 7. e4 Ngf6 8. O-O Bd6 9. b3 O-O 10. Bb2 Re8 11. Qe1 a5 12. a3 dxe4 13. dxe4 b5 14. Nh4 Nc5 $146 ({RR} 14... Qc7 15. Nf5 Bf8 16. Kh1 Bg6 17. Ne3 Nc5 18. Ng4 Nxg4 19. hxg4 f6 20. Qe3 Rad8 21. Bc3 Ne6 22. Nf3 c5 23. g5 Nd4 24. Ne1 fxg5 25. Qxg5 c4 26. bxc4 Qxc4 27. Bxa5 Ra8 28. Qd2 Bxe4 29. f3 {Anic,D (2440)-Lukacs,P (2485) Budapest 1993 0-1 (34)}) ({RR} 14... a4 15. b4 c5 16. c3 c4 17. Ndf3 Qb6 18. Rd1 Rad8 19. Bc1 Qc6 20. Nf5 Bf8 21. g4 Bg6 22. N3h4 Nb6 23. Qe2 Na8 24. Rxd8 Rxd8 25. Rd1 Rxd1+ 26. Qxd1 Qd7 27. Qxd7 Nxd7 28. Bf3 h6 29. Ng2 {Das,A (2392)-Giri,A (2518) Zuerich 2009 ½-½}) 15. Nf5 Bf8 16. Qe3 Nfd7 17. Nf3 f6 18. Rfd1 Qc7 19. Rd2 Ne6 20. Rad1 Nb6 21. h4 Bc5 22. Qe2 Rad8 23. Bh3 Rxd2 24. Rxd2 Nd7 25. Rd3 Bf8 26. Bc1 Ndc5 27. Rd1 Rd8 28. Rxd8 Qxd8 29. b4 axb4 30. axb4 Na4 31. Nh6+ gxh6 32. Bxe6+ Kg7 33. g4 Be8 34. Bd2 Qd6 35. Bf5 Bg6 36. Qe3 Kg8 37. g5 hxg5 38. hxg5 Bxf5 39. exf5 Be7 40. g6 hxg6 41. fxg6 Qd7 42. Qe4 Nb6 43. Qh4 Bd8 44. Qh5 Nc4 45. Bc1 f5 46. Bg5 e4 47. Nh4 Bxg5 48. Qxg5 e3 49. fxe3 Qd1+ 50. Kh2 Qd2+ 51. Ng2 Kg7 52. Kh3 Qf2 53. Qe7+ Kxg6 54. Nf4+ Kh6 55. Qf6+ 1-0

[Event "Bundesliga 1213"]
[Site "Germany"]
[Date "2013.02.02"]
[Round "7"]
[White "Berkes, Ferenc"]
[Black "Spoelman, Wouter"]
[Result "1-0"]
[WhiteElo "2679"]
[BlackElo "2541"]
[PlyCount "120"]
[EventDate "2012.10.20"]
[EventType "team-tourn"]
[EventRounds "15"]
[EventCountry "GER"]
[SourceTitle "CBM 153"]
[Source "ChessBase"]
[SourceDate "2013.03.14"]
[SourceVersion "1"]
[SourceVersionDate "2013.03.14"]
[SourceQuality "1"]
[WhiteTeam "Eppingen"]
[BlackTeam "Emsdetten Turm"]
[WhiteTeamCountry "GER"]
[BlackTeamCountry "GER"]

1. Nf3 {Horn,Peter} d5 2. g3 Nf6 3. Bg2 c6 4. O-O Bg4 5. d3 Nbd7 6. Qe1 e5 7. e4 dxe4 8. dxe4 Bc5 9. Nbd2 O-O 10. h3 Bh5 11. Nc4 Re8 12. a4 Nb6 ({RR} 12... b5 13. Na5 Qc7 14. Bd2 Nb6 15. b3 Nfd7 16. Nh4 f6 17. axb5 cxb5 18. Nf5 Bf8 19. Ne3 Nc5 20. Nd5 Qd7 21. Bb4 Rac8 22. Qe3 Qf7 23. Ra2 f5 24. c4 f4 25. Qd2 f3 26. Bh1 Nxe4 27. Qe3 {Praggnanandhaa,R (2690)-Maghsoodloo,P (2719) Ajka HUN 2023 0-1 (37)}) 13. Na5 Qc7 ({RR} 13... Rb8 14. Nh4 Nc8 15. b4 Bb6) 14. Nh4 Bf8 $146 ({RR} 14... Nfd7 15. b4 Bf8 ({RR} 15... Be7 16. Nf5) 16. c4 c5 17. b5 a6 ({RR} 17... Be7 18. Nf5 Nf8 19. f4 Bf6 ({RR} 19... Ne6 20. g4) ({RR} 19... exf4 20. Bxf4 Qd7 21. g4 Bg6 22. Rd1) 20. g4 Bg6) 18. Bb2 axb5 ({RR} 18... Nc8 19. Nf5 Nd6) 19. axb5 Ra7 20. Nf5 Rea8 21. Ne3 Bd6 22. h4 f6 23. Bh3 Nf8 24. Bc3 Qd8 ({RR} 24... Bf7) 25. Qd2 Bc7 26. Qc2 Bf7 ({RR} 26... Bf3 27. Rfe1 Na4 28. Rxa4 Bxa5 29. Bxa5 Rxa5 30. Rxa5 Qxa5 31. Rf1) 27. Rfd1 Qe8 28. Qe2 Be6 ({RR} 28... Ne6 29. Bxe6 Bxe6 30. Nb3 ({RR} 30. Nd5 Nxd5 31. exd5 Bxa5 32. Bxa5 Bxd5 33. Rxd5 Rxa5 34. Rxa5 Rxa5 35. Rxc5) 30... Na4 ({RR} 30... Ra3 31. Rxa3 Rxa3 32. Qb2) 31. Be1 Qf7 32. Nd5) 29. Bg2 {Movsesian,S (2661)-Gyimesi,Z (2571) Ohrid 2001 CBM 084 [Horn,Peter] 1-0 (53)} ({RR} 29. Bxe6+ Nxe6)) ({RR} 14... Nfd7 15. b4 Bf8 16. c4 c5 17. b5 a6 18. Bd2 f6 19. Nf5 Nxa4 20. Rxa4 axb5 21. cxb5 b6 22. Qa1 bxa5 23. Ne3 Bf7 24. Rb1 Nb6 25. Rxa5 Qb7 26. Ra6 c4 27. Bb4 Nd7 28. Bxf8 Rxf8 29. Rxa8 {Moranda,W (2560)-Ragger,M (2666) Legnica 2013 0-1 (36)}) 15. Nf5 Nfd7 16. Nb3 f6 17. Qc3 Bf7 18. Rd1 Rad8 19. a5 Nc4 20. Bf1 b5 21. axb6 Ndxb6 22. Rxd8 Rxd8 23. Be2 c5 24. Ne3 Nd6 25. Nxc5 Rc8 26. b4 Nd7 27. Ra5 Qb6 28. Nxd7 Rxc3 29. Nxb6 axb6 30. Ra6 b5 31. Ra8 g6 32. Ng4 Rxc2 33. Bh6 Be8 34. Bd1 Rc8 35. Bb3+ Bf7 36. Nxf6+ Kh8 37. Rxc8 Nxc8 38. Bxf8 Bxb3 39. Bc5 Be6 40. Kg2 h5 41. h4 Kg7 42. Nd5 Kf7 43. Kf3 Bd7 44. Ke3 Bc6 45. f4 Ke6 46. Nc3 Nd6 47. Bxd6 Kxd6 48. Ne2 Be8 49. Ng1 exf4+ 50. gxf4 Bf7 51. Nf3 Be8 52. Kd3 Ke6 53. Kd4 Kd6 54. Ne5 Ke6 55. Kc5 g5 56. hxg5 h4 57. Nf3 h3 58. f5+ Ke7 59. g6 Kf6 60. Kd6 Kg7 1-0

[Event "Bundesliga 1213"]
[Site "Germany"]
[Date "2013.03.17"]
[Round "12.1"]
[White "Erdos, Viktor"]
[Black "Khenkin, Igor"]
[Result "1-0"]
[WhiteElo "2637"]
[BlackElo "2655"]
[PlyCount "93"]
[EventDate "2012.10.20"]
[EventType "team-tourn"]
[EventRounds "15"]
[EventCountry "GER"]
[SourceTitle "CBM 154"]
[Source "ChessBase"]
[SourceDate "2013.05.15"]
[SourceVersion "1"]
[SourceVersionDate "2013.05.15"]
[SourceQuality "1"]
[WhiteTeam "Trier"]
[BlackTeam "Wiesbaden"]
[WhiteTeamCountry "GER"]
[BlackTeamCountry "GER"]
[WhiteClock "0:41:00"]
[BlackClock "0:36:00"]

1. Nf3 c5 2. b3 b6 3. Bb2 Bb7 4. g3 Nf6 5. Bg2 g6 6. Bxf6 exf6 7. c4 f5 8. Nc3 Bg7 9. Rc1 $146 ({RR} 9. Nh4 Nc6 10. Bf3 O-O 11. Ng2 Re8 12. O-O d6 13. Nf4 Qd7 14. e3 Rad8 15. Rc1 Bc8 16. h4 Ne5 17. Bd5 Ng4 18. Qf3 Qe7 19. Rfd1 Bd7 20. Qg2 Nf6 21. Bf3 Rb8 22. h5 a6 23. hxg6 hxg6 {Shcherbakov,R (2541)-Vorobiov,E (2459) Moscow 1999 1-0 (35)}) 9... Nc6 10. O-O O-O 11. Ne1 a6 12. Nd3 Rb8 13. Nf4 d6 14. e3 Re8 15. Nfd5 Ba8 16. a4 Qd7 17. Qc2 Ne5 18. Rb1 Bc6 19. f4 Bxd5 20. Nxd5 Nc6 21. b4 Ne7 22. bxc5 bxc5 23. Nb6 Qc7 24. a5 Bf6 25. Qa4 Rbd8 26. Nd5 Nxd5 27. Bxd5 Re7 28. Rb6 h5 29. Rfb1 Qc8 30. Rc6 Qd7 31. Rbb6 h4 32. Qb3 Kg7 33. Rxa6 g5 34. Rab6 hxg3 35. hxg3 gxf4 36. gxf4 Qe8 37. Rxd6 Rxd6 38. Rxd6 Bd4 39. Bf3 Qh8 40. Qd1 Qh4 41. Kg2 Rxe3 42. dxe3 Bxe3 43. Qa1+ Kg8 44. Qh1 Qf2+ 45. Kh3 Bxf4 46. Rd8+ Kh7 47. Qg2 1-0

[Event "Buenos Aires Duchamp Memorial-A 4th"]
[Site "Buenos Aires"]
[Date "2012.10.29"]
[Round "7"]
[White "Granda Zuniga, Julio E"]
[Black "Alonso, Salvador"]
[Result "1-0"]
[WhiteElo "2647"]
[BlackElo "2506"]
[PlyCount "164"]
[EventDate "2012.10.23"]
[EventType "tourn"]
[EventRounds "10"]
[EventCountry "ARG"]
[EventCategory "14"]
[SourceTitle "CBM 151"]
[Source "ChessBase"]
[SourceDate "2012.11.13"]
[SourceVersion "1"]
[SourceVersionDate "2012.11.13"]
[SourceQuality "1"]

1. Nf3 Nf6 2. g3 d5 3. Bg2 c6 4. d3 Bg4 5. Nbd2 Nbd7 6. h3 Bh5 7. g4 Bg6 8. Nh4 e6 9. c3 $146 ({RR} 9. Ndf3 Bd6 10. O-O Qe7 11. Re1 O-O-O 12. c3 e5 13. b4 Bc7 14. a4 e4 15. Nd4 Qd6 16. f4 exf3 17. Ndxf3 Rde8 18. e3 Ne5 19. Nxe5 Qxe5 20. Ra3 h5 21. Nf3 Qg3 22. g5 Ng4 23. hxg4 hxg4 {Laszlo,C-Gereben,E Budapest 1953 0-1}) ({RR} 9. e3 Bd6 10. Qe2 Qc7 11. O-O O-O-O 12. f4 h6 13. Nxg6 fxg6 14. Nf3 e5 15. Nh4 exf4 16. exf4 Rhe8 17. Qf2 Bc5 18. d4 Bb6 19. b4 Ne4 20. Bxe4 Rxe4 21. c3 Rde8 22. Nxg6 c5 23. bxc5 Nxc5 {Morozevich,A (2755)-Kramnik,V (2785) Moscow 2007 0-1 (38)}) ({RR} 9. Nxg6 hxg6 10. d4 e5 11. c3 Bd6 12. e3 Qe7 13. Qa4 a6 14. Qc2 O-O-O 15. b3 Kb8 16. Bb2 exd4 17. cxd4 Rc8 18. Qd3 c5 19. g5 Nh5 20. Bxd5 cxd4 21. Bxd4 Ne5 22. Qe2 Qxg5 23. Nf3 Qf5 {Ptacnikova,L (2074)-Sulypa,A (2450) Reykjavik ISL 2024 0-1}) ({RR} 9. e3 Bd6 10. Qe2 Qe7 11. Nb3 O-O-O 12. Bd2 Kb8 {½-½ (12) Julia,E (2373)-Alonso,S (2483) Montevideo 2011}) ({RR} 9. e3 Ng8 10. Nxg6 hxg6 11. Qe2 Bd6 12. b3 Qf6 13. d4 g5 14. Bb2 Ne7 15. O-O-O Ng6 16. Nf3 Qe7 17. c4 a5 18. Qc2 Ba3 19. Bxa3 Qxa3+ 20. Kb1 Qe7 21. cxd5 exd5 22. Bf1 Nh4 23. Nxh4 Rxh4 {Quinteros,M (2515)-Giorgadze,T (2495) Hannover 1983 0-1 (46)}) 9... Bd6 10. Qc2 Qe7 11. Ndf3 e5 12. Be3 a6 13. O-O-O O-O-O 14. Kb1 Kb8 15. Bd2 Rhe8 16. Be1 Bc7 17. Nd2 e4 18. Nb3 Ng8 19. f3 exf3 20. exf3 Qf6 21. Bf2 Ne7 22. Rhe1 h6 23. Re2 Nc8 24. Nxg6 fxg6 25. Rde1 Nd6 26. Nc1 Rxe2 27. Rxe2 Re8 28. Rxe8+ Nxe8 29. Qe2 Qe5 30. f4 Qxe2 31. Nxe2 Bb6 32. d4 Bc7 33. Kc2 Nf8 34. Be3 Kc8 35. Nc1 Ne6 36. Nd3 Nf6 37. Ne5 g5 38. f5 Nf8 39. b3 N8d7 40. Nf7 Nb6 41. Kd3 Kd7 42. c4 Ke7 43. Ne5 Nbd7 44. Ng6+ Kf7 45. Bd2 Bd6 46. Bc3 Ke8 47. Bf3 Bc7 48. Bb4 Kf7 49. Ne7 dxc4+ 50. bxc4 c5 51. Nd5 Bd6 52. Ba3 b6 53. Bb2 cxd4 54. Bxd4 Bc5 55. Bc3 Ne8 56. Ne3 Ndf6 57. Nc2 Be7 58. Nb4 a5 59. Nc6 Bc5 60. Nd8+ Ke7 61. Ne6 Bg1 62. Bb2 Kf7 63. Bc6 Bf2 64. Ba3 Bg1 65. Nd8+ Kg8 66. Be7 Nc7 67. Bd6 Na6 68. Bd5+ Kh7 69. Bf7 Nc5+ 70. Ke2 Nce4 71. Be5 Bc5 72. Ne6 Bg1 73. Nc7 Nd7 74. Bb2 Bh2 75. Nb5 Be5 76. Bxe5 Nxe5 77. Bd5 Nc5 78. Ke3 h5 79. gxh5 Kh6 80. Kd4 Ncd7 81. a3 Kxh5 82. Be6 Nc6+ 1-0

[Event "Chigorin Memorial 20th"]
[Site "St Petersburg"]
[Date "2012.11.03"]
[Round "8"]
[White "Lenderman, Aleksandr"]
[Black "Shirov, Alexei"]
[Result "1-0"]
[WhiteElo "2614"]
[BlackElo "2718"]
[PlyCount "115"]
[EventDate "2012.10.27"]
[EventType "swiss"]
[EventRounds "9"]
[EventCountry "RUS"]
[SourceTitle "EXT 2013"]
[Source "ChessBase"]
[SourceDate "2012.11.22"]
[SourceVersion "1"]
[SourceVersionDate "2012.11.22"]
[SourceQuality "1"]

1. Nf3 d5 2. g3 Bg4 3. Bg2 Nd7 4. O-O e5 5. d4 e4 6. Ne5 Be6 7. c4 c6 8. cxd5 $146 ({RR} 8. Nc3 Ngf6 9. cxd5 cxd5 10. Qb3 Qb6 11. Bf4 Qxb3 12. axb3 a6 13. Nxd7 Bxd7 14. Na4 Bb5 15. Nb6 Rd8 16. Bc7 Bxe2 17. Bxd8 Kxd8 18. Rac1 Bxf1 19. Bxf1 g6 20. Bh3 Bg7 21. Rc8+ Ke7 22. Rc7+ Kf8 {Comas Fabrego,L (2560)-Magem Badals,J (2575) Spain 1999 1-0 (53)}) 8... cxd5 9. Nc3 Bd6 10. Nxd7 Qxd7 11. f3 f5 12. fxe4 fxe4 13. Qb3 Ne7 14. Bg5 Nc6 15. Nb5 Bb8 16. Qa3 a6 17. Rf2 h6 18. Raf1 Ne7 19. Bxe7 Qxe7 20. Qa5 Qd7 21. Nc3 Bc7 22. Qb4 Bd6 23. Qb3 Be7 24. e3 Rc8 25. Qd1 h5 26. Na4 Qb5 27. Rc2 Rxc2 28. Qxc2 h4 29. gxh4 Rxh4 30. b3 Qd7 31. Qf2 Qc7 32. Qg3 Qxg3 33. hxg3 Rh6 34. Nc5 Bc8 35. Rc1 Kd8 36. Na4 Bd6 37. Rxc8+ Kxc8 38. Nb6+ Kd8 39. Nxd5 Bxg3 40. Bxe4 Bd6 41. Bg2 Ba3 42. Nf4 g5 43. Nd3 Rh7 44. e4 a5 45. d5 Rc7 46. e5 Rc2 47. d6 b5 48. b4 Bxb4 49. Nxb4 axb4 50. e6 g4 51. Be4 Re2 52. Bf5 g3 53. e7+ Ke8 54. Bd3 Re1+ 55. Kg2 Re5 56. Bg6+ Kd7 57. Bf7 Re3 58. Kh3 1-0

[Event "DEN-chT 1213"]
[Site "Denmark"]
[Date "2012.10.27"]
[Round "1.1"]
[White "Danielsen, Henrik"]
[Black "Rasmussen, Allan Stig"]
[Result "1-0"]
[WhiteElo "2524"]
[BlackElo "2511"]
[PlyCount "53"]
[EventDate "2012.10.27"]
[EventType "team-tourn"]
[EventRounds "9"]
[EventCountry "DEN"]
[SourceTitle "EXT 2014"]
[Source "ChessBase"]
[SourceDate "2013.11.20"]
[SourceVersion "1"]
[SourceVersionDate "2013.11.20"]
[SourceQuality "1"]
[WhiteTeam "BMS"]
[BlackTeam "Jetsmark"]
[WhiteTeamCountry "DEN"]
[BlackTeamCountry "DEN"]

1. Nf3 {Thimognier,D/Primel,D} d5 2. c4 dxc4 3. e3 c5 4. Bxc4 e6 5. O-O Nc6 ({RR} 5... Nf6 6. Qe2 a6 7. a3 b5 8. Ba2 Bb7 9. a4 Nbd7 10. Na3 bxa4 11. Nc4 Be7 12. d3 Nd5 13. Bb1 Bc6 14. Bc2 O-O 15. Bd2 N5b6 16. e4 Nxc4 17. dxc4 Bf6 18. Bc1 Qa5 19. e5 Be7 20. Bd2 {Alburt,L (2560)-Kaidanov,G (2580) Parsippany 1996 1-0 (48)}) ({RR} 5... a6 6. Be2 Nf6 7. b3 Nc6 8. Bb2 Be7 9. d4 O-O 10. dxc5 Bxc5 11. Nbd2 Be7 12. Rc1 Bd7 13. Nc4 Nd5 14. Qc2 Ncb4 15. Qb1 Rc8 16. Rfd1 b5 17. Nce5 Rxc1 18. Rxc1 Nf6 19. e4 Qa8 20. Nxd7 {Leiva,G (2393)-Cherry,A (1918) chess.com INT 2023 1-0 (50)}) 6. Qe2 $146 ({RR} 6. Nc3 a6 7. d4 b5 8. Bb3 c4 ({RR} 8... cxd4 9. exd4 Nf6) 9. Bc2 Nb4 10. Bb1 Nf6 11. a3 ({RR} 11. e4 Bb7 12. a3 Nc6 13. d5) 11... Nbd5 12. e4 Nxc3 13. bxc3 Be7 14. Qe2 Bb7 15. Bc2 ({RR} 15. a4) 15... Qa5 ({RR} 15... O-O 16. a4) 16. Bd2 Rc8 17. Rfb1 Qb6 ({RR} 17... Qc7) 18. Ne5 ({RR} 18. a4) 18... O-O 19. Nxc4 Qc7 20. Ne5 Bd6 {Daniel,R-Nicot,R Pau 1943 EXT 2015 [Thimognier,D/Primel,D] 1-0 (37)}) ({RR} 6. d4 a6 7. d5 exd5 8. Bxd5 Nge7 9. e4 Be6 10. Bxe6 fxe6 11. Qb3 Qd7 12. Rd1 Nd4 13. Rxd4 cxd4 14. Ne5 Qc7 15. Bf4 g5 16. Nd2 gxf4 17. Qxe6 a5 18. Nb3 Ra6 19. Qf7+ Kd8 20. Qxf4 Ng6 {Boff,L (2023)-Nogueira,I (2186) Florianopolis 2022 0-1 (40)}) 6... a6 7. Nc3 b5 8. Bb3 c4 9. Bc2 Nf6 10. d3 cxd3 11. Bxd3 Bb7 12. e4 Nd7 13. Bf4 Nc5 14. Rad1 Qa5 15. Bb1 b4 16. Nd5 exd5 17. exd5+ Ne7 18. d6 Ne6 19. d7+ Kd8 20. Ne5 Nd5 21. Bg3 Ke7 22. Rfe1 Qb6 23. Bf5 g6 24. Bh4+ f6 25. Nc4 Qc6 26. Qxe6+ Qxe6 27. Bxe6 1-0

[Event "Madrid-chT 1213 Honor"]
[Site "Madrid"]
[Date "2012.12.02"]
[Round "3.21"]
[White "Granda Zuniga, Julio E"]
[Black "Anton Guijarro, David"]
[Result "1-0"]
[WhiteElo "2651"]
[BlackElo "2559"]
[PlyCount "69"]
[EventDate "2012.11.18"]
[EventType "team"]
[EventRounds "14"]
[EventCountry "ESP"]
[SourceTitle "EXT 2014"]
[Source "ChessBase"]
[SourceDate "2013.11.20"]
[SourceVersion "1"]
[SourceVersionDate "2013.11.20"]
[SourceQuality "1"]
[WhiteTeam "Collado Villalba"]
[BlackTeam "Virgen de Atocha"]
[WhiteTeamCountry "ESP"]
[BlackTeamCountry "ESP"]

1. Nf3 d5 2. g3 Nf6 3. Bg2 Bg4 4. d3 Nc6 5. h3 Bh5 6. Nbd2 e5 7. g4 Bg6 8. Nh4 Bc5 9. e3 $146 ({RR} 9. Nxg6 hxg6 10. e3 Qd7 11. a3 a5 12. b3 Ng8 13. Bb2 Nge7 14. Nf3 d4 15. exd4 exd4 16. Ng5 O-O 17. O-O Nd5 18. Qf3 Rad8 19. Rae1 Be7 20. Bc1 Bxg5 21. Bxg5 f6 22. Bd2 Qd6 23. Qe4 Kf7 {Kyhle,B (2290)-Eriksson,J (2215) Stockholm 1996 ½-½ (82)}) 9... a5 10. Nf1 Ng8 11. Nxg6 hxg6 12. c3 Nge7 13. d4 Bd6 14. e4 dxe4 15. d5 Nb8 16. Bxe4 f5 17. Bc2 Nd7 18. Bg5 e4 19. gxf5 gxf5 20. f3 Ne5 21. fxe4 Qd7 22. Qe2 O-O 23. O-O-O f4 24. Nd2 N7g6 25. Rdf1 a4 26. a3 Ra6 27. h4 Rb6 28. h5 f3 29. Nxf3 Nxf3 30. hxg6 Nxg5 31. Rxf8+ Kxf8 32. Rh8+ Ke7 33. Qf2 Qd8 34. Rxd8 Kxd8 35. e5 1-0

[Event "Beijing Sportaccord rap"]
[Site "Beijing"]
[Date "2012.12.15"]
[Round "7"]
[White "Nakamura, Hikaru"]
[Black "Morozevich, Alexander"]
[Result "1-0"]
[WhiteElo "2760"]
[BlackElo "2748"]
[PlyCount "105"]
[EventDate "2012.12.14"]
[EventType "swiss (rapid)"]
[EventRounds "7"]
[EventCountry "CHN"]
[SourceTitle "EXT 2014"]
[Source "ChessBase"]
[SourceDate "2013.11.20"]
[SourceVersion "1"]
[SourceVersionDate "2013.11.20"]
[SourceQuality "1"]

1. Nf3 d5 2. g3 c6 3. Bg2 Bg4 4. d3 e6 5. O-O Nf6 6. Nbd2 Be7 7. h3 Bh5 8. g4 ({RR} 8. c4 O-O 9. b3 a5 10. a3 Nbd7 11. Bb2 Qb6 12. Qc2 Rfd8 13. Bc3 h6 14. b4 axb4 15. axb4 dxc4 16. Nxc4 Qc7 17. g4 Bg6 18. e4 Bh7 19. Rfc1 Ne8 20. Nfe5 Rxa1 21. Rxa1 b5 22. Nxd7 bxc4 {Shoker,S (2446)-Silva,C (2197) Florianopolis BRA 2025 ½-½ (32)}) 8... Bg6 9. Nh4 Nbd7 ({RR} 9... a5 10. e3 Na6 11. a3 Nd7 12. Nxg6 fxg6 13. d4 O-O 14. c4 Nc7 15. b3 Bf6 16. Bb2 Kh8 17. Qc2 Rc8 18. b4 e5 19. dxe5 Bxe5 20. bxa5 Na6 21. Bxe5 Nxe5 22. cxd5 cxd5 23. Qb2 Nd3 24. Qxb7 {Nakamura,H (2767)-Adams,M (2745) London 2014 1-0 (31)}) 10. e3 Bd6 $146 ({RR} 10... O-O 11. Qe2 Ne8 12. Nxg6 fxg6 13. c4 Nc7 14. b3 Bd6 15. Bb2 Qe7 16. a3 Rad8 17. b4 c5 18. bxc5 Nxc5 19. a4 Qd7 20. a5 Na4 21. Rfb1 b6 22. Nf3 dxc4 23. dxc4 Nxb2 24. Qxb2 Rb8 25. Qd4 {Berkes,F (2685)-Farago,I (2486) Hungary 2012 1-0 (92)}) ({RR} 10... Nf8 11. f4 N6d7 12. Nxg6 Nxg6 13. Nf3 Qb6 14. a4 a5 15. Kh1 O-O 16. Qe1 f5 17. g5 e5 18. h4 Bd6 19. h5 Ne7 20. d4 e4 21. Ng1 Qc7 22. Bd2 b5 23. Rf2 {½-½ (23) Benkovic,P (2434)-Farago,I (2462) Budapest 2014}) 11. f4 Ng8 12. Qe1 Ne7 13. e4 dxe4 14. f5 exf5 15. gxf5 Bh5 16. Nxe4 Nf6 17. Nxd6+ Qxd6 18. Bf4 Qd7 19. Qg3 O-O-O 20. Be5 Ne8 21. Qf2 f6 22. Bg3 Qd4 23. Rae1 Qxf2+ 24. Bxf2 Rd7 25. Bxa7 Nd6 26. Bc5 Kc7 27. Rf4 Ndc8 28. a4 b6 29. Bf2 Re8 30. Rfe4 Kd8 31. Rc4 Rc7 32. b4 Bf7 33. Rd4+ Rd7 34. Rxd7+ Kxd7 35. c4 b5 36. cxb5 cxb5 37. axb5 Bd5 38. b6 Bxg2 39. Kxg2 Nd6 40. Bc5 Rb8 41. Ra1 Nec8 42. Ra6 Rb7 43. Nf3 Nxf5 44. Nd2 Nfe7 45. Ra7 Nxa7 46. bxa7 Rxa7 47. Bxa7 Nd5 48. Bc5 Nf4+ 49. Kf3 Nxd3 50. Ke4 Ne5 51. b5 Nf7 52. Kd5 Ng5 53. b6 1-0

[Event "EU-ch blitz"]
[Site "Warsaw"]
[Date "2012.12.14"]
[Round "5"]
[White "Petrosian, Tigran L"]
[Black "Naiditsch, Arkadij"]
[Result "1-0"]
[WhiteElo "2648"]
[BlackElo "2708"]
[PlyCount "87"]
[EventDate "2012.12.14"]
[EventType "swiss (blitz)"]
[EventRounds "11"]
[EventCountry "POL"]
[SourceTitle "EXT 2014"]
[Source "ChessBase"]
[SourceDate "2013.11.20"]
[SourceVersion "1"]
[SourceVersionDate "2013.11.20"]
[SourceQuality "1"]

1. Nf3 d5 2. g3 Nf6 3. Bg2 Bf5 4. c4 e6 5. Qb3 Na6 6. d3 Nc5 7. Qc2 c6 8. O-O ({RR} 8. Be3 Rc8 9. O-O Be7 10. b4 Ncd7 11. a3 O-O 12. Nbd2 e5 13. Nb3 d4 14. Bd2 b6 15. e3 dxe3 16. Bxe3 c5 17. Rfd1 a5 18. bxa5 bxa5 19. h3 e4 20. Nh4 exd3 21. Qc3 Ne4 22. Qxd3 Bxh4 {Petrosian,T (2625)-Grigoryan,K (2602) Yerevan 2015 1-0 (60)}) 8... Be7 9. Be3 Ncd7 10. Qb3 $146 ({RR} 10. cxd5 cxd5 11. Nd4 Bg6 12. Bh3 h5 13. Nf3 Ng4 14. Bf4 Bf5 {½-½ (14) Martinovic,S (2460)-Adamski,J (2460) Smederevska Palanka 1984}) 10... Qc8 11. cxd5 exd5 12. Nc3 O-O 13. Rac1 Qb8 14. Bf4 Bd6 15. Bxd6 Qxd6 16. Nd4 Bg4 17. Qxb7 c5 18. Qc6 Qxc6 19. Nxc6 Rfe8 20. f3 Be6 21. f4 Nb6 22. e4 dxe4 23. dxe4 Ng4 24. Rfe1 Nc4 25. b3 Nb6 26. h3 Nf6 27. Nb5 Rac8 28. Ncxa7 Rcd8 29. Nc7 Re7 30. Nc6 Rxc7 31. Nxd8 Bd7 32. Red1 Kf8 33. e5 Nh5 34. Kf2 g5 35. fxg5 Ke7 36. Nb7 c4 37. Nd6 Ra7 38. Rd2 cxb3 39. axb3 Ra5 40. Rc7 Rxe5 41. Nc8+ Kd8 42. Nxb6 Kxc7 43. Nxd7 Rf5+ 44. Bf3 1-0